Φορτώνει......

Nooranaadinte kathaakaaran

Λεπτομέρειες βιβλιογραφικής εγγραφής
Κύριος συγγραφέας: Karim, M A
Μορφή: Printed Book
Έκδοση: Kottayam, NBS 1995
LEADER 003680000a22001210004500
040 |a MAL 
082 |a A3 HAN 09 N5 
100 |a Karim, M A 
245 |a Nooranaadinte kathaakaaran 
260 |a Kottayam, NBS 
260 |c 1995 
999 |c 21862  |d 21862 
952 |0 0  |1 0  |4 0  |6 A_3_HAN_090000000000000_N5  |7 0  |8 MAL  |9 21680  |a MGUL  |b MGUL  |d 2013-07-16  |l 0  |o A3 HAN 09 N5  |p 23488  |r 2013-07-16  |w 2013-07-16  |y BK